Algunas ideas que puedan servir de base para un proyecto de supresión de quintas, y sustitución de éstas por los enganches y reenganches voluntarios / (Record no. 162462)

MARC details
000 -LEADER
campo de control de longitud fija 00885nam a22002055i 4500
001 - NÚMERO DE CONTROL
campo de control 162462
003 - IDENTIFICADOR DE NÚMERO DE CONTROL
campo de control ES-MaACL
005 - FECHA Y HORA DE LA ÚLTIMA TRANSACCIÓN
campo de control 20230906212530.0
008 - DATOS DE LONGITUD FIJA--INFORMACIÓN GENERAL
campo de control de longitud fija 990217m18681869sp |||| | spa d
080 ## - NÚMERO DE LA CLASIFICACIÓN DECIMAL UNIVERSAL
Número de la Clasificación Decimal Universal 355.21(460)
100 1# - ENTRADA PRINCIPAL--NOMBRE DE PERSONA
Nombre de persona Portillo y del Villar, Rafael.
9 (RLIN) 131297
245 10 - MENCIÓN DEL TÍTULO
Título Algunas ideas que puedan servir de base para un proyecto de supresión de quintas, y sustitución de éstas por los enganches y reenganches voluntarios /
Mención de responsabilidad, etc. de Rafael Portillo y del Villar.
260 ## - PUBLICACIÓN, DISTRIBUCIÓN, ETC.
Lugar de publicación, distribución, etc. Sevilla :
Nombre del editor, distribuidor, etc. A. Izquierdo,
Fecha de publicación, distribución, etc. 1868 [i.e. 1869]
300 ## - DESCRIPCIÓN FÍSICA
Extensión 16 p. ;
Dimensiones 21 cm.
510 4# - NOTA DE CITAS O REFERENCIAS BIBLIOGRÁFICAS
Nombre de la fuente Palau,
Localización dentro de la fuente 233558
596 ## - NOTA AL PIE DE IMPRENTA
NOTA AL PIE DE IMPRENTA Según Palau, y la p. 16 del texto, el año de publicación es 1869.
650 #4 - PUNTO DE ACCESO ADICIONAL DE MATERIA--TÉRMINO DE MATERIA
Término de materia o nombre geográfico como elemento de entrada Reclutamiento y alistamiento-
Subdivisión geográfica España.
9 (RLIN) 171605
752 ## - ENTRADA AGREGADA--NOMBRE JERÁRQUICO DEL LUGAR
País o entidad superior España -
Ciudad Sevilla
852 4# - LOCALIZACIÓN
Ubicación ES-MaACL
Número de control de estantería T-92-F-5
Nota libre - Enc. hol., falto de cub. original
-- - Enc. en un vol. facticio
Holdings
Estatus retirado Estado de pérdida Estado de daño No para préstamo Colección Biblioteca de origen Biblioteca actual Ubicación en estantería Fecha de adquisición Total de préstamos Signatura topográfica completa Código de barras Visto por última vez Precio de reemplazo Tipo de ítem Koha
        Colección de folletos Biblioteca del Ateneo de Madrid Biblioteca del Ateneo de Madrid Depósito folletos 17/01/2008   T-92-F-5 1170200 23/02/2023 23/02/2023 Folleto